Statistics for Quiz Luis 5

Click here to take the quiz!

General Stats

  • This quiz has been taken 12 times
  • The average score is 33 of 70

Answer Stats

polskihiszpański% Correct
orzełáguila
100%
zebracebra
100%
naszyjnikcollar
100%
kurnikgallinero
100%
piekarnikhorno
100%
muchamosca
100%
szczurrata
100%
rekintiburón
100%
z powodua causa de
75%
w paskia rayas
75%
ławkabanco
75%
sępbuitre
75%
stajniacuadra
75%
rógcuerno
75%
rozwójdesarollo
75%
galopowaćgalopar
75%
mewagaviota
75%
jaszczurkalagartija
75%
sowalechuza
75%
ryślince
75%
środowisko naturalnemedio ambiente
75%
kopytopezuña
75%
pełzaćreptar
75%
nasionasemillas
75%
ziemiatierra
75%
latającyvolador
75%
przepędzać, odstraszaćahuyentar
50%
stado ptakówbandada
50%
bociancigüeña
50%
komitet, radacomité
50%
uważanyconsiderado
50%
umowaconvenio
50%
zagrodacorral
50%
napadaćembestir
50%
gatunkiespecies
50%
stajniaestablo
50%
gęśganso
50%
utrzymywaćmantener
50%
łowić rybypescar
50%
z winypor culpa de
50%
schronienierefugio
50%
ratowaćsalvar
50%
drżenietemblor
50%
wdrapywać siętrepar
50%
przechowywaćalmacenar
25%
brać na siebieasumir
25%
irokezcresta
25%
wyginięcieextinción
25%
napełniać dumąllenar de orgullo
25%
doprowadzić do końcallevar a cabo
25%
walczyćluchar
25%
stadorebaño
25%
recyklingreciclamiento
25%
ryczeć (lew)rugir
25%
narzędziautensilios
25%
gościna, przyjęcieacogida
0%
zapasacopio
0%
zaburzeniaalteraciones
0%
martwić, przygnębiaćapenar
0%
przerażonyaterrorizado
0%
kaganiecbozal
0%
smyczcorrea
0%
pożarincendio
0%
oburzaćindignar
0%
niepokoićinquietar
0%
wady wrodzonemalformaciones congénitas
0%
ogon (królika)rabo
0%
odpadyreciduos
0%
unieważniaćrescindir
0%
zrównoważonysustentable
0%

Score Distribution

Percentile by Number Answered

Percent of People with Each Score

Your Score History

You have not taken this quiz